Romeo e Giulietta (Record n. 99006)
[ formato base ]
| 000 -LEADER | |
|---|---|
| fixed length control field | 00864njm a2200289Ia 4500 |
| 001 - CONTROL NUMBER | |
| control field | 21188 |
| 003 - CONTROL NUMBER IDENTIFIER | |
| control field | IT-RoPAU |
| 005 - DATE AND TIME OF LATEST TRANSACTION | |
| control field | 20220918181111.0 |
| 008 - FIXED-LENGTH DATA ELEMENTS--GENERAL INFORMATION | |
| fixed length control field | 131025s9999 xx 000 0 und d |
| 040 ## - CATALOGING SOURCE | |
| Original cataloging agency | IT-RoPAU |
| 040 ## - CATALOGING SOURCE | |
| Transcribing agency | IT-RoPAU |
| 041 ## - LANGUAGE CODE | |
| Language code of text/sound track or separate title | ITALIANO |
| 999 ## - SYSTEM CONTROL NUMBERS (KOHA) | |
| Koha Dewey Subclass [OBSOLETE] | n.d. |
| 100 ## - MAIN ENTRY--PERSONAL NAME | |
| Personal name | Shakespeare William |
| 9 (RLIN) | 5342 |
| 100 ## - MAIN ENTRY--PERSONAL NAME | |
| Relator term | Autore testo |
| 9 (RLIN) | 5343 |
| 100 ## - MAIN ENTRY--PERSONAL NAME | |
| Miscellaneous information | Codice autore testoSPICS: 1305 |
| 9 (RLIN) | 5344 |
| 245 ## - TITLE STATEMENT | |
| Title | Romeo e Giulietta |
| 250 ## - EDITION STATEMENT | |
| Edition statement | 1a ed. |
| 260 ## - PUBLICATION, DISTRIBUTION, ETC. (IMPRINT) | |
| Place of publication, distribution, etc. | ROMA |
| 260 ## - PUBLICATION, DISTRIBUTION, ETC. (IMPRINT) | |
| Name of publisher, distributor, etc. | SPICS RECORDS |
| Date of publication, distribution, etc. | 1982 [1a Ed.:1982] |
| 300 ## - PHYSICAL DESCRIPTION | |
| Extent | MUSICASSETTA |
| 500 ## - GENERAL NOTE | |
| General note | Musica operistica. Musica lirica. Musica classica. |
| 505 ## - FORMATTED CONTENTS NOTE | |
| Formatted contents note | Traduzione di -Salvatore Quasimodo. |
| 650 ## - SUBJECT ADDED ENTRY--TOPICAL TERM | |
| Topical term or geographic name as entry element | OPERA LIRICA [CASSETTE] |
| Relator term | Codice MATERIA SPICS: 9951 |
| 9 (RLIN) | 5345 |
| 700 ## - ADDED ENTRY--PERSONAL NAME | |
| Personal name | De Lullo Giorgio |
| Relator term | Autore musica |
| Miscellaneous information | Codice autore musicaSPICS: 13354 |
| 9 (RLIN) | 5346 |
| 942 ## - ADDED ENTRY ELEMENTS (KOHA) | |
| Koha item type | MUSICASSETTE |
| Source of classification or shelving scheme | Dewey Decimal Classification |
| Withdrawn status | Lost status | Damaged status | Not for loan | Home library | Current library | Date acquired | Total Checkouts | Full call number | Date last seen | Price effective from | Koha item type | Public note |
|---|---|---|---|---|---|---|---|---|---|---|---|---|
| Buone Condizioni | Not For Loan | SPICS-MEDIATECA | SPICS-MEDIATECA | 25/10/2013 | 21188 | 25/10/2013 | 25/10/2013 | MUSICASSETTE | Progr. Ins.: 4489 / N.Vol.: 2 / Copie: 1 - Copia rara: n.d. / date import: 01.01.2014 - By Epidotti, Trombetti, Vaglietti |